[Event "Lost Boys op"]
[Site "Antwerp"]
[Date "1998.08.07"]
[Round "7"]
[White "Janssen, Ruud"]
[Black "Finkel, Alexander"]
[Result "0-1"]
[WhiteElo "2340"]
[BlackElo "2455"]
[Annotator "Finkel,A"]
[PlyCount "66"]
[EventDate "1998.08.??"]
[EventType "swiss"]
[EventRounds "9"]
[EventCountry "BEL"]
[SourceTitle "CBM 067"]
[Source "ChessBase"]
[SourceDate "1998.11.30"]
[SourceVersion "2"]
[SourceVersionDate "1998.11.01"]
[SourceQuality "1"]

{[%mdl 18784]} 1. c4 e5 2. Nc3 Nf6 3. Nf3 Nc6 4. e3 Bb4 5. Qc2 a5 (5... d6 6.
d3 (6. Nd5 $5 Bc5 7. a3 Nxd5 $6 8. cxd5 Ne7 9. Nxe5 Nxd5 10. Bb5+ Kf8 11. O-O
$16 {1/2-1/2 Adamski,J-Kholmov,R/Zala Cup 1977 (29)}) 6... O-O (6... Bg4 7. Be2
Bxc3+ 8. Qxc3 Qd7 9. h3 Bh5 10. g4 Bg6 11. e4 $14 {[%csl Rg6] Kortschnoj,
V-Timman,J/NLD-ch 1977 (36)}) 7. Bd2 a5 8. Be2 Re8 9. O-O Bf5 10. Ng5 Bxc3 11.
Bxc3 d5 12. cxd5 Nxd5 13. Ne4 Ndb4 $13 {Eising,J-Enklaar,B/IBM-B 1975 (57)}) 6.
Nd5 (6. d4 $5 exd4 7. exd4 d5 8. Bg5 O-O 9. O-O-O Bxc3 10. bxc3 $36 {Hoelzl,
F-Winiwarter,F/AUT-chT 1992 (34)}) 6... d6 (6... Bc5 7. a3 d6 8. Bd3 Nxd5 9.
cxd5 Ne7 10. Nxe5 dxe5 11. Qxc5 Qxd5 12. Qxd5 Nxd5 $11 {Derikum,A-Messmer,M/
BL8990 1990 (34)}) (6... O-O $5 7. a3 Bc5 8. Ng5 $5 g6 9. Nxf6+ Qxf6 10. Ne4
Qe7 11. Nxc5 Qxc5 12. b3 d5 $5 $132) 7. Be2 Nxd5 (7... O-O 8. a3 Bc5 9. Ng5 g6
10. Nxf6+ Qxf6 11. Ne4 Qe7 12. Nxc5 dxc5 13. d3 a4 14. Bd2 $14) 8. cxd5 Ne7 9.
O-O $5 (9. Bb5+ Bd7 10. Bxd7+ Qxd7 11. a3 Bc5 12. e4 c6 13. dxc6 Nxc6 $11) 9...
a4 $1 (9... Nxd5 $6 10. d4 exd4 11. exd4 a4 12. Bb5+ Kf8 (12... Bd7 $2 13. Qe4+
Ne7 14. Bxd7+ Qxd7 15. Qxb7 $18 {[%cal Gb7a8,Gb7b4]}) 13. Bxa4 c6 14. Bb3 $14)
10. d4 exd4 (10... Nxd5 $6 11. a3 Ba5 12. Qxa4+ c6 13. dxe5 $16) 11. a3 (11.
exd4 O-O 12. a3 Ba5 13. Bc4 Bb6 14. Bg5 f6 $15) 11... Bc5 12. exd4 Bb6 $132 13.
Bg5 $5 {The best chanse to create something.} h6 $5 ({After} 13... f6 14. Bd2
Nxd5 15. Bb5+ Kf7 16. Bxa4 c6 17. Bb3 Be6 18. Rfe1 $14 {white keeps slightly
better chanses.}) 14. Bb5+ Bd7 (14... Kf8 15. Bxe7+ Kxe7 16. Rae1+ Kf6 17. Bxa4
g6 18. Re3 Bg4 19. h3 Bxf3 20. Rxf3+ Kg7 $14) 15. Bxe7 Kxe7 16. Rae1+ Kf6 $5
$15 {The king comes to the center,but white can't take advantages of this fact.
} (16... Kf8 $5 17. Bxd7 Qxd7 18. Re3 g6 19. Rfe1 Kg7 20. Re7 Qf5 21. Qxf5 gxf5
$15 {[%csl Rd5][%cal Ga8a5]}) 17. Bxd7 Qxd7 18. Re4 g6 19. Rfe1 Rhe8 20. h4 $6
({Desrved attention} 20. Rxe8 Rxe8 21. Rxe8 Qxe8 22. h3 Qb5 23. Kh2 Qxd5 24.
Qxa4 Qe4 25. Qc4 $15 {with good chanses to hold the ending.}) 20... Rxe4 $1 21.
Qxe4 (21. Rxe4 $6 Qf5 $17) 21... Qf5 22. Nd2 $8 (22. Qxf5+ Kxf5 23. Re7 Kf6 24.
Re4 Ra5 $1 $17) 22... Ra5 $1 $17 {Not being afraid of ghousts;white's attack
is not dangerous at all.} (22... Ba5 23. Re3 $5 Qxe4 24. Nxe4+ Kg7 25. Nc3 Bb6
26. Re4 $15) 23. Qe8 Kg7 $8 24. Nf3 $5 Qxd5 25. Qd8 (25. Qc8 $5) 25... Bxd4 26.
Re8 (26. Nxd4 Qxd4 27. Re8 Rc5 $1 28. Rh8 Rc1+ 29. Kh2 Qf4+ 30. g3 Qxf2+ 31.
Kh3 Rh1+ 32. Kg4 f5#) 26... Bf6 27. Qb8 (27. Qxc7 Rc5 28. Qd7 Qc6 29. Qxc6 bxc6
30. Re2 Rb5 $19) 27... Kh7 $1 $19 {Covering square h8.} 28. h5 g5 29. Rf8 Bg7
30. Re8 Rc5 31. Qc8 Qf5 32. Qd8 Rc1+ 33. Kh2 Qf4+ 0-1

[Event "MK Cafe Cup-A"]
[Site "Koszalin"]
[Date "1999.08.10"]
[Round "7"]
[White "Ftacnik, Lubomir"]
[Black "Shcherbakov, Ruslan"]
[Result "1/2-1/2"]
[WhiteElo "2589"]
[BlackElo "2541"]
[Annotator "Ftacnik,L"]
[PlyCount "115"]
[EventDate "1999.08.03"]
[EventType "swiss"]
[EventRounds "9"]
[EventCountry "POL"]
[SourceTitle "CBM 073"]
[Source "ChessBase"]
[SourceDate "1999.12.01"]
[SourceVersion "1"]
[SourceVersionDate "1999.12.01"]
[SourceQuality "1"]

1. c4 {Ribli} e5 2. Nc3 Nf6 3. Nf3 Nc6 4. d4 {Ribli: 'Dieser Zug ist
heutzutage wieder populär, bietet aber dem Weissen meines Erachtens nichts
besonderes. Ribli.'} exd4 5. Nxd4 Bb4 {Ribli: 'Diese Fesselung wird für Weiss
früher oder später unangenehm.'} 6. Bg5 h6 7. Bh4 Bxc3+ 8. bxc3 Ne5 {Ribli:
'Der Springer strebt nach g6, um den Springer f6 von der Fesselung zu befreien.
'} 9. f4 Ng6 (9... Nxc4 $2 {Ribli} 10. e4 $16 {Vakhidov,T-Ajapbergenov,A/
Bishkek zt/1993/CBM35/}) 10. Bxf6 Qxf6 11. g3 Nf8 $1 {Ribli: 'Dieser
originelle Springerzug ist die beste Möglichkeit für Schwarz. Nach der
automatischen Rochade 11...0-0 steht der Springer steht überflüssig und
unglücklich auf g6.'} (11... O-O {Ribli} 12. Bg2 d6 13. O-O c6 14. e4 Re8 15.
Qd2 Bd7 16. Rad1 Rad8 17. h3 a6 18. Rb1 c5 19. Nc2 Bc6 20. Qd3 Nf8 21. Ne3 {
1-0 Vaisser,A-Cramling,P/Cap d`Agde 1996/CBM 55 ext (66)}) 12. Bg2 Ne6 13. O-O
O-O {Ribli: 'Schwarz hat eine gesunde Bauernstruktur, aber Weiss hat
Entwicklungsvorteil und Initiative.'} 14. Qd2 (14. e4 {Ribli} d6 15. Qd2 Nc5
16. Rae1 {1/2-1/2 Kramnik,V-Karpov,A/Las Palmas 1996/Inf 68/[Vaganian,R] (21)}
(16. Nb3 $6 Na4 {[%csl Rc3]} 17. Rac1 Be6 18. Qd4 c5 $1 $15 {0-1 Shahade,
G-Akopian,V/New York 1998/CBM 64/[Ribli] (42)})) 14... d6 15. Nb5 $6 {'N'
Ribli. Getting any advantage from this position is difficult, but this active
combination compromises white's structure even more. Ribli: 'Mit diesem Zug
leitet Weiss ein kompliziertes Spiel ein.'} (15. Nb3 Rb8 16. f5 Ng5 17. Qd4
Qxd4+ 18. cxd4 Re8 19. Rae1 b6 20. Bc6 (20. e4 Ba6 21. Nd2 c5 22. d5 b5 $13)
20... Bb7 $1 21. Bxb7 Rxb7 22. d5 Ne4 23. Rc1 Rbb8 24. Rc2 Nf6 {1/2-1/2
Vaganian,R-Tukmakov,V/Rostov/1993/ (24)}) (15. Rab1 Nc5 $10) 15... a6 (15...
Qe7 {Ribli} 16. f5 Ng5 (16... Nc5 17. f6 $36) 17. f6 gxf6 18. h4 $36) 16. f5 {
Ribli: 'Das ist die Idee von 15.Nb5.'} (16. Nd4 {Ribli} Nc5 $15) 16... axb5 17.
fxe6 Qxe6 18. cxb5 {Ribli: 'Die Stellung ist materiell gleich. Nach
Vereinfachungen konnte sich Weiss von den Doppelbauern in der c-Linie befreien.
Schwarz hat aber eine feste Stellung ohne Schwächen.'} Ra4 (18... Qc4 $5 19. a4
(19. Bd5 Qxb5 20. Rxf7 Rxf7 21. Rf1 Bf5 $1 22. Bxf7+ (22. Rxf5 $2 Qb1+ $19)
22... Kxf7 23. e4 Qc4 24. Rxf5+ Kg8 $17) 19... Rxa4 20. Rxa4 Qxa4 21. b6 Qa5
22. bxc7 Qxc7 23. Rf4 $15) (18... Ra3 19. b6 $1 (19. Bd5 Qe5 20. Rf3 Be6 21.
Bxb7 Qxb5 22. Be4 Re8 $17) 19... cxb6 20. Rfb1 $15) 19. Bd5 $2 {White is
negligent of the dangers waiting for him, pieces will lack coordination.} (19.
Rf4 $1 Rxf4 20. gxf4 Re8 21. Bf3 b6 (21... Qe3+ 22. Qxe3 Rxe3 23. a4 b6 24. a5
bxa5 25. Rxa5 Be6 26. Ra7 Rxc3 27. Bc6 $14) 22. a4 Qg6+ 23. Kf2 $13) (19. Rf2
$11 {Ribli}) 19... Qe8 $1 {'!?' Ribli.} (19... Qe7 $11 {Ribli}) 20. Qb2 (20. c4
c6 21. Qd1 (21. bxc6 {Ribli} bxc6 22. Bf3 Qe5 $11) 21... cxb5 22. cxb5 Qxb5 23.
e4 $15) (20. Rab1 $1 Be6 (20... c6 21. bxc6 bxc6 22. Bg2 $11) 21. Bxb7 Rxa2 22.
Qd3 Bg4 23. Bf3 Bxf3 24. exf3 Qe5 $15) (20. Qd3 $11 {Ribli}) 20... Bh3 $1 (
20... c6 21. Bb3 Re4 22. Rf2 cxb5 23. Rd1 $15) 21. Rf2 (21. Bg2 Bxg2 22. Kxg2
Ra5 23. b6 cxb6 $17) 21... c6 22. Qb3 (22. bxc6 {Ribli} bxc6 23. Bb3 (23. Bf3
d5 $15) 23... Re4 $15) 22... Ra5 (22... cxb5 23. Rd1 $15 (23. Bxb7 {Ribli} Be6
24. Bd5 Bxd5 25. Qxd5 $11 {Die Bauernschwachungen sind beiderseitig.})) 23.
bxc6 (23. Bc4 $5 d5 (23... cxb5 24. Qb4 b6 25. Bb3 Be6 26. Rd1 $15) 24. Bd3 Qe3
25. bxc6 bxc6 26. a4 $15) 23... bxc6 24. Bf3 (24. Bc4 Qe3 25. Bd3 Rg5 $1 26.
Qc4 Rxg3+ 27. hxg3 Qxg3+ $19) (24. Bg2 $6 {Ribli} Bxg2 25. Kxg2 Qe4+ 26. Kg1
Rb5 27. Qa3 d5 $15 {[%csl Gb5,Ge4]}) 24... d5 {'=/+' Ribli. Ribli: 'Schwarz
hat die bessere Bauernstellung und aktiveres Figurenspiel. Der weisse a-Bauer
kann potentiell gefährlich, aber auch schwach sein.'} 25. Qb4 (25. a4 Qe3 26.
Qc2 Rc5 $17) 25... Qa8 {Ribli: 'Der Bauer a2 hängt und es droht ...Rb8 mit
gefährlicher Initiative am Damenflügel.'} 26. Qh4 (26. a4 $2 Rb8 27. Qh4 Rxa4
$1 $19) 26... Be6 27. a4 Qa7 (27... Rc5 28. Qe7 Qa5 $1 (28... Rxc3 29. a5 $132)
29. e4 Qxc3 30. Raf1 d4 $19) 28. Bg4 {Ribli: 'Weiss strebt ein
Schwerfigurenendspiel an, in dem er Remischancen besitzt.'} Bxg4 {'?!' Ribli.
Ribli: 'Dieser Zug ist nicht schlecht,aber meines Erachtens bietet die Annahme
des Bauern a4 mehr.'} (28... Rxa4 29. Rxa4 Qxa4 30. Bxe6 (30. Rf4 $2 Qa7+ $17)
30... Qxh4 (30... Qa1+ 31. Kg2 fxe6 32. Rxf8+ Kxf8 33. Qd8+ Kf7 34. Qc7+ $11 {
[%cal Rc7c6,Rc7f7]}) 31. Bxf7+ Rxf7 32. gxh4 Re7 {'!?' Ribli.} (32... Rxf2 33.
Kxf2 Kf7 34. Ke3 {Schwarz hat die viel bessere Bauernstellung in diesem
Bauernendspiel, aber Weiss kann sich retten.}) 33. Kf1 (33. c4 {Ribli} dxc4 34.
Rf4 Rxe2 35. Rxc4 Re6 $17) 33... Re3 34. c4 dxc4 35. Rf4 c3 36. Rc4 $17) (28...
f5 29. Bh3 Ra8 30. Qf4 Rxa4 31. Rxa4 Qxa4 32. Qe3 $15) 29. Qxg4 Ra8 30. Qf4 f6
(30... Re8 $15 {[%csl Ge4][%cal Ge8e4] Ribli}) (30... Rxa4 $6 {Ribli} 31. Rxa4
Qxa4 32. Qxf7+ $11) 31. e4 d4 {'?!' Ribli.} (31... Rxa4 $1 32. Rxa4 Qxa4 33.
exd5 Qd1+ (33... cxd5 {Ribli} 34. Qxa4 Rxa4 35. Rd2 Ra5 36. Kf2 $17 {In
Turmendspielen ist die Remisbreite stets recht gross, aber meines Erachtens
hätte Schwarz hier bessere Gewinnaussichten als in der Partie.}) 34. Rf1 Qxd5
$19) 32. Qd2 {'[]' Ribli. Ribli: 'Weiss kann zwar das materielle Gleichgewicht
nicht halten, aber mit diesem Zug erreicht er ein Turmendspiel mit guten
Rettungschancen.'} (32. cxd4 {Ribli} Qxd4 $17 {[%csl Ra4,Gd4][%cal Rd4a1,Gd4g1,
Ra8a1]}) 32... dxc3 (32... Rd8 $5 33. cxd4 Rxd4 34. Qa2+ Kh8 35. Qe6 Rd2 36.
Raf1 Rc2 $19) (32... Rxa4 {Ribli} 33. Rxa4 Qxa4 34. Qxd4 $11 (34. cxd4 Rd8 $17
{[%csl Rd4]})) 33. Qxc3 Rxa4 34. Qb3+ (34. Re1 Qb6 $19) (34. Rxa4 {Ribli} Qxa4
$17) 34... Kh8 $6 (34... Kf8 35. Rxa4 Qxa4 36. Qe6 $1 Qd4 (36... Ra7 37. Rd2
Ra8 38. Rf2) 37. Qxc6 Ra2 38. Qc8+ Kf7 39. Qf5 $17) (34... Kh7 $5 35. Rxa4 Qxa4
36. Qxa4 Rxa4 37. Rc2 Ra6 38. Kf2 Kg6 39. Rc5 Kf7 40. e5 $17) 35. Rxa4 Qxa4 36.
Qxa4 Rxa4 37. Rc2 {[%mdl 4096] Reaching such a rook endgame was quite an
achievement for white, chances for draw are surprisingly high.} Ra6 (37... Rxe4
{Ribli} 38. Rxc6 $11 {Die Stellung ist trotz des Mehrbauern in der praktischen
Partie nicht zu gewinnen.}) 38. Rb2 (38. Rc5 Kg8 39. e5 $17) (38. Kf2 $15 {
Ribli}) 38... Ra1+ (38... Ra8 $5 39. Rb7 Ra1+ $1 (39... Rc8 40. Kf2 c5 41. Ke3
c4 42. Rb2 $15) 40. Kf2 Ra2+ 41. Kg1 Kh7 42. Rc7 Rc2 $17) (38... Kg8 {Ribli}
39. Rb7 $15) 39. Kf2 Rc1 40. h4 {Ribli: 'Weiss bereitet 41.h5 vor, um den
schwarzen Königsflügel festzulegen.'} h5 (40... Kg8 41. Rb7 Kh7 42. Rc7 $15)
41. Ra2 (41. Rb8+ $5 Kh7 42. Re8 Kg6 43. Re7 c5 44. e5 $11) 41... Kh7 42. Ra5
c5 (42... Kg6 43. e5 $1 fxe5 (43... f5 44. Ra7 (44. e6 {Ribli})) 44. Rxe5 {
'=/+' Ribli.} c5 45. Rg5+ Kh6 46. Kg2 $11) (42... g6 43. e5 fxe5 44. Rxe5 $11)
43. Ra8 {Ribli: 'Der weisse Turm strebt in die c-Linie hinter den schwarzen
Freibauern. Er kann von dort den Freibauern und den schwarzen Königsflügel
kontrollieren.'} Kg6 (43... g6 44. Ra7+ Kg8 45. Rc7 c4 46. Kg2 c3 47. Kh2 Kf8
48. Kg2 Ke8 49. Kh2 Kd8 50. Rc6 Kd7 51. Rc4 $15) 44. Ra7 c4 (44... Kh7 45. Re7
c4 46. e5 $1 $11) 45. Rc7 c3 {Ribli: 'Ohne Unterstützung durch den schwarzen
König kann der Freibauer die Partie nicht entscheiden.'} 46. Kg2 Kh7 47. Rc5 g6
(47... Kg8 48. e5 $1 (48. Rxh5 $2 g5 $1 49. hxg5 c2 $19) 48... c2 49. exf6 gxf6
50. Rc7 $11) (47... Kg6 {Ribli} 48. Rc7) 48. e5 $1 {Ribli: 'Weiss kann seinen
schwachen e-Bauern tauschen.'} fxe5 (48... f5 49. Rc7+ Kg8 50. e6 $11) 49. Rxe5
Rd1 (49... c2 50. Rc5 Kg7 51. Rc6 $11) 50. Rc5 Rd3 51. Rc4 Kg7 52. g4 $1 {
Ribli: 'Weiss tauscht weiteres Material und befreit sich von der Schwäche auf
g3.'} Kf6 (52... hxg4 53. Rxg4 Kf6 54. Kf2 {'=/+' Ribli.} (54. Rc4 $15 {Ribli})
54... Rh3 55. Ke2 $11) 53. gxh5 gxh5 54. Kf2 Ke5 55. Ke2 Rg3 56. Kd1 {Ribli:
'Der schwarze Mehrbauer reicht nicht zum Gewinn aus.'} (56. Rc5+ Kd4 57. Rxh5
Rg2+ (57... Rg1 58. Rg5 $11) 58. Kd1 Rh2 59. Rh8 $11) 56... Kd5 (56... Rg4 57.
Rc5+ Kd4 58. Rxh5 $11) 57. Ra4 {'=' Ribli.} Ke6 58. Ra5 {Ribli: 'Und hier
wurde Remis vereinbart.'} 1/2-1/2

[Event "Olympiad-43"]
[Site "Batumi"]
[Date "2018.10.05"]
[Round "11.1"]
[White "Caruana, Fabiano"]
[Black "Ding, Liren"]
[Result "1/2-1/2"]
[WhiteElo "2827"]
[BlackElo "2804"]
[Annotator "Ganguly, Surya Sekhar "]
[PlyCount "45"]
[EventDate "2018.09.24"]
[EventType "team-swiss"]
[EventRounds "11"]
[EventCountry "GEO"]
[SourceTitle "CBM 187"]
[Source "ChessBase"]
[SourceDate "2018.12.11"]
[SourceVersion "1"]
[SourceVersionDate "2018.12.11"]
[SourceQuality "1"]
[WhiteTeam "US of America"]
[BlackTeam "China"]
[WhiteTeamCountry "USA"]
[BlackTeamCountry "CHN"]

{The US playing China on top board at the final round of Olympiad was
definitely the biggest match to look forward to. On top board there was
Caruana with the white pieces who is in amazing form. He was facing the super
solid Ding Liren who has not lost a single game for the last 14 months!} 1. c4
Nf6 2. Nc3 e5 3. Nf3 Nc6 4. e3 Bb4 5. Qc2 Bxc3 6. Qxc3 Qe7 {Just one day
before Fabiano had this position as black! Today Ding decided to play this as
Black against Fabiano himself! That was a very interesting psychological
thinking. Probably this was the last opening that Fabiano thought Ding might
play.} 7. d4 Ne4 8. Qd3 exd4 9. Nxd4 O-O 10. Be2 Qb4+ 11. Kf1 Qe7 12. f3 f5 $5
{Less popular than the main move 12...Nc5 but it is not easy to catch Fabiano
off-guard.} (12... Nc5 {was seen in Duda - Caruana just one day before this
game.}) 13. Qd1 {Played absolutely instantly.} Nc5 {Ding started to think from
here on.} 14. Kf2 d6 {Only after this move did Fabi start to think.} (14... b6
{There is a correspondence game which went this way. I assume Fabiano knew
this or had seen this the day before while preparing as Black. Clearly, he
didn't mind entering the same line as White and perhaps had some improvement
somewhere.} 15. Nb5 Ne6 16. Nc3 Qh4+ 17. g3 Qh3 18. f4 Bb7 19. Bf3 {[%cal
Gb2b4]} a5 20. Nd5 Ra7 {½-½ (42) Säuberli,G (2364)-Hyldkrog,L (2433) ICCF
2017 I don't understand much of correspondence games but this is how it was
played and Black drew this game. To me it looks a slightly better position for
White.}) 15. Re1 (15. Rf1 {In hindsight it is easier to say that the rook on
f1 was perhaps a better choice in order to stop any kind of kingside attack as
both Qe1 and Rf2 will be available if needed.} Qh4+ (15... Ne5 16. Kg1 a5 17.
b3 {The position remains balanced with a long game ahead. I personally like
White's position more.}) 16. Kg1 Rf6 {This doesn't make any sense with the
rook on f1} 17. Nxc6 bxc6 18. Rf2 $14) 15... Qh4+ 16. Kg1 Rf6 $1 {Ding didn't
miss the momentum and immediately launched an attack on the kingside. Now with
the rook on e1 White is not in time to consolidate.} 17. g3 (17. Nxc6 Rh6 $1
18. Ne7+ Kh8 19. h3 Qg3 {forces perpetual} 20. b4 (20. Kh1 Rxh3+ 21. gxh3 Qxh3+
$11) 20... Rxh3 $1 21. Bf1 Rh2 {[%cal Gg3h4]} 22. Bb2 Ne4 $1 (22... Qh4 $4 23.
Bxg7+ Kxg7 24. Qd4+ $18) 23. Qd4 (23. fxe4 $4 Qh4 $19) 23... Rh1+ 24. Kxh1 Nf2+
25. Kg1 Nh3+ $11 {One of the few spectacular lines available.}) (17. Bf1 $6 Rh6
18. h3 Bd7 {Doesn't feel right at all for White.}) 17... Rg6 18. Nxc6 {The
right decision to bail out.} (18. Kg2 $4 f4 19. exf4 Qh3+ $19) (18. Bf1 $6 f4
$1 19. exf4 Nxd4 20. Re8+ (20. Qxd4 Rxg3+) 20... Kf7 21. Rxc8 Rxc8 22. Qxd4 Qf6
) 18... Rxg3+ $1 (18... bxc6 19. Bf1) 19. hxg3 Qxg3+ 20. Kh1 Qh3+ 21. Kg1 Qg3+
22. Kh1 Qh3+ 23. Kg1 {It was a great boost for the Chinese team when Ding
almost effortlessly managed to hold against Fabiano as Black.} 1/2-1/2